| 000 | 00868nam a2200193 a 4500 | ||
|---|---|---|---|
| 008 | 120416s1981 ||||||||||||||||| || u | ||
| 020 | _a0201144573 | ||
| 050 | _aQA 76.5 Kob | ||
| 100 | _aKobayashi, Hisashi | ||
| 245 | 1 | 0 | _aModelling and analysis: an introduction to system performance evaluation methodology |
| 260 |
_aReading, Mass. _bAddison-Wesley _c1981 |
||
| 300 | _axvii, 446p. : ill | ||
| 350 | _a0.00 | ||
| 650 | _aELECTRONIC DIGITAL COMPUTERS--EVALUATION | ||
| 650 | 0 | _aELECTRONICS | |
| 650 | _aMODELLING--EVALUATION METHODOLOGY | ||
| 995 |
_aMAIN LIBRARY OPEN ACCESS _D0.00 _e708194 _FCBU-MAIN LIBRARY (Kitwe) _H1 _I29.95 _jQA 76.5 Kob _M1 _UAVAILABLE _y012634 _ZMain Library Open Access Collection |
||
| 995 |
_aANNEX COLLECTION (Main Library) _D0.00 _e708193 _FCBU-MAIN LIBRARY (Kitwe) _H2 _I29.95 _jQA 76.5 Kob _M2 _UAVAILABLE _y012635 _ZAnnex Low-Usage Collection |
||
| 999 |
_c77710 _d77710 |
||